Tout les joueurs de Morecambe depuis 2020 - Statistiques

Statistiques générales
  • Ce quiz a été pris 2 fois
  • Le résultat moyen est 16 sur 131
Statistiques - réponses
Poste Année au club Nationalité Joueur % Correct
Avant centre 2024 - actuel Barbade Hallam Hope
100%
Milieu central 2015 - 2022 Angleterre Aaron Wildig
50%
Arrière gauche 2024 - actuel Angleterre Adam Lewis
50%
Gardien 2020 - 2023 Portugal André Mendes
50%
Ailier gauche 2021 - 2023 France Arthur Gnahoua
50%
Gardien 2008 - 2020 République d'Irlande Barry Roche
50%
Milieu offensif 2022 - 2023 Australie Caleb Watts
50%
Ailier droit 2018 - 2021 Guinée-Bissau Carlos Mendes
50%
Avant centre 2016 - 2017 / 2019 - 2023 Angleterre Cole Stockton
50%
Gardien 2022 - 2023 Angleterre Connor Ripley
50%
Arrière gauche 2023 - actuel République démocratique du Congo David Tutonda
50%
Arrière droit 2022 - 2024 Écosse Donald Love
50%
Milieu défensif 2023 - 2024 Pays de Galles Eli King
50%
Ailier gauche 2023 - 2024 Angleterre Ethan Walker
50%
Défenseur central 2022 - 2024 Angleterre Farrend Rawson
50%
Arrière gauche 2021 - 2022 Jamaïque Greg Leigh
50%
Défenseur central 2022 - 2024 Grenade Jacob Bedeau
50%
Milieu défensif 2023 - 2024 Angleterre Jacob Davenport
50%
Milieu central 2022 - 2024 Angleterre Jake Taylor
50%
Arrière droit 2023 - 2024 Angleterre Joel Senior
50%
Avant centre 2021 - 2023 Angleterre Jonathan Obika
50%
Avant centre 2020 - 2021 / 2023 - actuel Angleterre Jordan Slew
50%
Arrière droit 2020 - 2021 Angleterre Kelvin Mellor
50%
Ailier gauche 2011 - 2020 Angleterre Kevin Ellison
50%
Défenseur central 2024 - actuel Angleterre Max Taylor
50%
Milieu central 2024 - actuel Angleterre Paul Lewis
50%
Défenseur central 2017 - 2020 Nouvelle-Zélande Steven Old
50%
Milieu central 2024 - actuel Angleterre Tom White
50%
Milieu défensif 2020 - 2022 France Toumani Diagouraga
50%
Milieu défensif 2023 - actuel Cameroun Yann Songo'o
50%
Ailier gauche 2020 République d'Irlande Abimbola Obasoto
0%
Arrière droit 2019 - 2020 Angleterre Adam Buxton
0%
Ailier gauche 2022 - 2024 Angleterre Adam Mayor
0%
Milieu central 2020 - 2022 Angleterre Adam Phillips
0%
Gardien 2022 - 2024 Angleterre Adam Smith
0%
Avant centre 2018 - 2021 Angleterre AJ Leitch-Smith
0%
Milieu défensif 2021 Angleterre Alex Denny
0%
Milieu défensif 2013 - 2021 Angleterre Alex Kenyon
0%
Milieu défensif 2021 - 2022 Irlande du Nord Alfie McCalmont
0%
Ailier gauche 2018 - 2021 Espagne Amilcar Djau Codjovi
0%
Milieu central 2018 - 2020 Angleterre Andrew Tutte
0%
Défenseur central 2021 - 2023 République d'Irlande Anthony O'Connor
0%
Gardien 2024 Écosse Archie Mair
0%
Ailier gauche 2022 - 2023 Angleterre Ashley Hunter
0%
Défenseur central 2021 Angleterre Ayo Shogbeni
0%
Milieu gauche 2020 - 2021 Angleterre Ben Pringle
0%
Milieu droit 2024 - actuel Angleterre Ben Tollitt
0%
Milieu central 2021 Irlande du Nord Brad Lyons
0%
Ailier gauche 2024 Angleterre Brandon Barker
0%
Milieu central 2024 - actuel Pays de Galles Callum Jones
0%
Milieu central 2022 - 2024 Angleterre Cameron Rooney
0%
Avant centre 2023 - 2024 Écosse Cammy Smith
0%
Avant centre 2023 - actuel Angleterre Charlie Brown
0%
Défenseur central 2023 - 2024 Angleterre Chris Stokes
0%
Gardien 2020 République du Congo Christoffer Mafoumbi
0%
Arrière gauche 2022 Angleterre Connor Pye
0%
Avant centre 2021 - 2023 République d'Irlande Courtney Duffus
0%
Milieu offensif 2023 Angleterre Dan Crowley
0%
Arrière droit 2022 - 2023 République d'Irlande Dylan Connolly
0%
Défenseur central 2023 Angleterre Dynel Simeu
0%
Milieu gauche 2020 - 2022 Angleterre Freddie Price
0%
Gardien 2023 - 2024 Angleterre George Pedley
0%
Défenseur central 2024 - actuel Pays de Galles George Ray
0%
Arrière droit 2019 - 2020 Angleterre George Tanner
0%
Avant centre 2024 Angleterre Gerard Garner
0%
Ailier droit 2024 - actuel Pays de Galles Gwion Edwards
0%
Gardien 2024 - actuel Angleterre Harry Burgoyne
0%
Défenseur central 2020 - 2021 Angleterre Harry Davis
0%
Avant centre 2020 Angleterre Harvey Bradbury
0%
Milieu central 2024 - actuel Angleterre Harvey Macadam
0%
Défenseur central 2018 - 2020 Angleterre Ibrahim Bakare
0%
Défenseur central 2021 - 2022 Ghana Jacob Mensah
0%
Gardien 2020 - 2021 Angleterre Jake Turner
0%
Défenseur central 2023 - 2024 Pays de Galles James Connolly
0%
Défenseur central 2024 - actuel Angleterre Jamie Stott
0%
Milieu central 2022 - 2023 Angleterre Jensen Weir
0%
Milieu offensif 2024 Irlande du Nord Joe Adams
0%
Milieu central 2019 - 2020 Angleterre Joe Lynch
0%
Milieu central 2023 - 2024 Irlande du Nord John Joshua McKiernan
0%
Milieu droit 2019 - 2021 République d'Irlande John O'Sullivan
0%
Gardien 2021 - 2022 Islande Jökull Andrésson
0%
Avant centre 2021 - 2022 Kenya Jonah Ayunga
0%
Arrière gauche 2018 - 2020 Pays de Galles Jordan Cranston
0%
Avant centre 2024 Angleterre Jordy Hiwula
0%
Milieu central 2023 Angleterre Josh Austerfield
0%
Milieu droit 2021 - 2022 Écosse Josh McPake
0%
Avant centre 2024 Suède Julian Larsson
0%
Défenseur central 2024 - actuel Grenade Kayden Harrack
0%
Avant centre 2022 - 2023 Angleterre Kieran Phillips
0%
Ailier gauche 2020 Angleterre Kyle Crossley
0%
Avant centre 2018 - 2020 Angleterre Kyle Hawley
0%
Gardien 2021 - 2022 Pays de Galles Kyle Letheren
0%
Milieu central 2018 - 2020 Angleterre Lamin Jagne
0%
Avant centre 2024 - actuel Angleterre Lee Angol
0%
Avant centre 2019 - 2020 Angleterre Lewis Alessandra
0%
Milieu défensif 2020 - 2023 Angleterre Liam Gibson
0%
Avant centre 2020 - 2021 République d'Irlande Liam McAlinden
0%
Milieu défensif 2022 - 2023 Angleterre Liam Shaw
0%
Arrière gauche 2016 - 2020 Irlande du Nord Luke Canlon
0%
Arrière droit 2024 - actuel Angleterre Luke Hendrie
0%
Avant centre 2024 - actuel Pays de Galles Marcus Dackers
0%
Gardien 2018 - 2021 Angleterre Mark Halstead
0%
Arrière gauche 2022 - 2024 Angleterre Max Melbourne
0%
Avant centre 2019 - 2020 Angleterre Michael Howard
0%
Avant centre 2023 - 2024 Écosse Michael Mellon
0%
Défenseur central 2020 - 2021 Angleterre Nathaniel Knight-Percival
0%
Milieu défensif 2024 Angleterre Nelson Khumbeni
0%
Milieu défensif 2023 - 2024 Angleterre Oscar Threlkeld
0%
Avant centre 2023 Sénégal Oumar Niasse
0%
Milieu défensif 2022 - 2023 France Ousmane Fané
0%
Arrière gauche 2023 Sénégal Pape Souaré
0%
Défenseur central 2022 Angleterre Rhys Bennett
0%
Avant centre 2018 - 2020 Angleterre Rhys Oates
0%
Défenseur central 2019 - 2020 Angleterre Ritchie Sutton
0%
Arrière droit 2024 - actuel Écosse Ross Millen
0%
Arrière droit 2020 - 2023 Angleterre Ryan Cooney
0%
Défenseur central 2021 - 2023 République d'Irlande Ryan Delaney
0%
Arrière droit 2021 - 2022 Irlande du Nord Ryan McLaughlin
0%
Défenseur central 2017 - 2021 Écosse Sam Lavelle
0%
Avant centre 2024 - actuel Angleterre Saul Fox-Akande
0%
Défenseur central 2021 - 2022 Angleterre Scott Wootton
0%
Arrière droit 2021 - 2023 République d'Irlande Shane McLoughlin
0%
Avant centre 2015 - 2016 / 2019 - 2020 Angleterre Shaun Miller
0%
Avant centre 2021 - 2022 Angleterre Shayon Harrison
0%
Arrière gauche 2020 - 2021 Écosse Stephen Hendrie
0%
Gardien 2023 - actuel Angleterre Stuart Moore
0%
Avant centre 2023 - 2024 Angleterre Tom Bloxham
0%
Défenseur central 2019 - 2020 Angleterre Tom Brewitt
0%
Gardien 2022 Irlande du Nord Trevor Carson
0%
Milieu défensif 2018 - 2020 Angleterre Tyler Brownsword
0%
Ailier droit 2021 - 2022 Angleterre Wes McDonald
0%
Aucun quiz correspondant
Distribution des résultats
% des personnes avec chaque résultat
Percentile par nombre de réponses
Votre historique - résultats
Vous n’avez pas pris ce quiz